| 000 | 00568nam a22001937a 4500 | ||
|---|---|---|---|
| 005 | 20230928130037.0 | ||
| 008 | 230928b ||||| |||| 00| 0 eng d | ||
| 020 | _a9789355640529 | ||
| 040 |
_aIN-DiNC _cIN-DiNC |
||
| 041 | _deng | ||
| 082 |
_a030 _bPAT |
||
| 100 |
_aPatel, Mrunal _eauthor |
||
| 245 |
_aUPSC civil services IAS prelims: _btopic wise solved papers 1 & 2 (1995-2022)/ _cby Mrunal Patel |
||
| 260 |
_aNew Delhi: _bDisha publication, |
||
| 650 | _aStrategy & planning resources | ||
| 650 | _aGeneral studies | ||
| 650 | _aAptitude | ||
| 942 |
_2ddc _cBK |
||
| 999 |
_c11670 _d11670 |
||